Phasmophobia all achievments - Statistics

General Stats
  • This quiz has been taken 11 times
  • The average score is 11 of 31
Answer Stats
Description Achievement % Correct
(Secret) Doom Slayed
75%
(Secret) Escape Artist
63%
Reach Prestige I I
63%
Complete 100 contracts Boss
50%
Complete 30 daily tasks Dedicated
50%
Create a custom difficulty Director
50%
Reach Prestige II II
50%
Reach Prestige III III
50%
Complete Training No More Training Wheels
50%
(Secret) The Bait
50%
Spend $100,000 Break The Bank
38%
Obtain the Bronze ApocalypseTrophy Bronze Hunter
38%
Spend $50,000 Cash cow
38%
Spend $1 Chump Change
38%
Complete 10 weekly tasks Devoted
38%
Unlock all tier three equipment Fully Loaded
38%
Obtain the Gold Apocalypse Trophy Gold Hunter
38%
Complete 10 contracts Rookie
38%
Obtain the Silver Apocalypse Trophy Silver Hunter
38%
(Secret) They're here
38%
Unlock all tier one equipment Bare Essentials
25%
Complete a weekly challengemode Challenger Approaching
25%
Complete 50 optional objectives Extra Mile
25%
Spend $10,000 Fat Stack
25%
"Playstation exclusive" Paranormal Perfectionist
25%
Complete 50 contracts Professional
25%
(Secret) Flawless Execution
13%
Complete the weekly challengemode 5 times Rise to the Challenge
13%
Complete the weekly challengemode 10 times Taking All Challenges
13%
Unlock all tier two equipment Tools of the trade
13%
(Secret) Work Experience
13%
No matching quizzes found
Score Distribution
Percent of People with Each Score
Percentile by Number Answered
Your Score History
You have not taken this quiz